[Event "PRO League Group Stage"]
[Site "chess.com INT"]
[Date "2019.02.28"]
[Round "8"]
[White "Huschenbeth, Niclas"]
[Black "Ducarmon, Quinten"]
[Result "1-0"]
[WhiteTitle "GM"]
[BlackTitle "IM"]
[WhiteElo "2585"]
[BlackElo "2479"]
[WhiteTeam "Berlin Bears"]
[BlackTeam "Amsterdam Mosquitoes"]
[WhiteFideId "24604747"]
[BlackFideId "1025007"]
[EventDate "2019.01.08"]

1. e4 c6 2. d4 d5 3. e5 Bf5 4. Nf3 e6 5. Be2 Nd7 6. O-O h6 7. a4 Ne7 8. c3 g5 9.
a5 Bg7 10. b4 Qc7 11. Nbd2 f6 12. exf6 Bxf6 13. Nb3 O-O 14. Re1 Rae8 15. Nc5
Nxc5 16. bxc5 Ng6 17. h3 e5 18. dxe5 Nxe5 19. Nd4 Be4 20. a6 b5 21. cxb6 Qxb6
22. Ba3 Be7 23. Bh5 Bxa3 24. Bxe8 Bb2 25. Rb1 Rxe8 26. Rxe4 dxe4 27. Qh5 Rf8 28.
Qxh6 c5 29. Ne6 Rf7 30. Qxg5+ Kh7 31. Qh5+ Kg8 32. Qg5+ Kh7 33. Qxe5 c4 34. Qh5+
Kg8 35. Qg6+ 1-0

[Event "PRO League Group Stage"]
[Site "chess.com INT"]
[Date "2019.02.28"]
[Round "8"]
[White "Braun, Arik"]
[Black "Vrolijk, Liam"]
[Result "1/2-1/2"]
[WhiteTitle "GM"]
[BlackTitle "IM"]
[WhiteElo "2598"]
[BlackElo "2433"]
[WhiteTeam "Berlin Bears"]
[BlackTeam "Amsterdam Mosquitoes"]
[WhiteFideId "4663527"]
[BlackFideId "1048333"]
[EventDate "2019.01.08"]

1. d4 Nf6 2. c4 e6 3. Nc3 Bb4 4. f3 d5 5. a3 Be7 6. e4 dxe4 7. fxe4 c5 8. d5
exd5 9. exd5 O-O 10. Be2 Bd6 11. Nf3 Bg4 12. O-O Nbd7 13. h3 Bxf3 14. Bxf3 a6
15. Bg5 h6 16. Bh4 Qc7 17. Be2 Bg3 18. Bxf6 Nxf6 19. Bd3 Be5 20. Qf3 Rae8 21.
Rae1 Bxc3 22. bxc3 Rxe1 23. Rxe1 Re8 24. Rb1 Nd7 25. Qf5 g6 26. Qf2 b6 27. Rf1
Ne5 28. Be2 Qe7 29. Rb1 Qd6 30. Qf4 Kg7 31. Bf1 Rb8 32. Re1 Re8 33. Rb1 Qd8 34.
Kh1 Qb8 35. Rd1 Qd6 36. Rb1 h5 37. Kg1 Qd8 38. Kh1 Qd6 39. Kg1 Qb8 40. Rd1 Nd7
41. d6 Qd8 42. g3 Qf6 43. Qxf6+ Kxf6 44. Bg2 Ne5 45. d7 Rd8 46. Rd6+ Ke7 47.
Rxb6 Nxc4 48. Rxa6 Rxd7 49. a4 Rd1+ 50. Kf2 Rd2+ 51. Kg1 Rd1+ 52. Kf2 Rd2+ 53.
Kg1 Rd1+ 1/2-1/2

[Event "PRO League Group Stage"]
[Site "chess.com INT"]
[Date "2019.02.28"]
[Round "8"]
[White "Meier, Georg"]
[Black "Hauge, Lars Oskar"]
[Result "1-0"]
[WhiteTitle "GM"]
[BlackTitle "IM"]
[WhiteElo "2623"]
[BlackElo "2466"]
[WhiteTeam "Baden-Baden Snowballs"]
[BlackTeam "Norway Gnomes"]
[WhiteFideId "4675789"]
[BlackFideId "1509276"]
[EventDate "2019.01.08"]

1. Nf3 f5 2. c4 Nf6 3. Nc3 g6 4. d4 Bg7 5. e3 O-O 6. Be2 d6 7. O-O c6 8. Qc2 Qe8
9. d5 e5 10. dxe6 Bxe6 11. Rd1 Qe7 12. Ng5 Na6 13. a3 Nc7 14. Bd2 Kh8 15. Nxe6
Nxe6 16. Rac1 Rad8 17. b4 Ng5 18. Be1 Ne6 19. g3 a6 20. Bf3 Qf7 21. Bg2 Ng5 22.
h4 Ne6 23. a4 Ng4 24. b5 Ne5 25. Ne2 Nc5 26. Nd4 axb5 27. cxb5 cxb5 28. Nxb5 Ne4
29. Nc3 d5 30. Qb3 Nc4 31. Nxe4 fxe4 32. Bxe4 Nxe3 33. Qxe3 dxe4 34. Rxd8 Rxd8
35. Qxe4 Re8 36. Qd3 Rf8 37. Kg2 Qa2 38. Rc4 Qb2 39. Qe4 b6 40. Rb4 Qf6 41. Qd5
Re8 42. Bd2 Rd8 43. Qg5 Qc6+ 44. Kh2 Rd5 45. Qe3 Rd6 46. Re4 Rd8 47. Re7 Rf8 48.
Ra7 Qc4 49. Be1 Qc2 50. Qxb6 Qe2 51. Qe3 Qb2 52. Rxg7 1-0

[Event "PRO League Group Stage"]
[Site "chess.com INT"]
[Date "2019.02.28"]
[Round "8"]
[White "Kollars, Dmitrij"]
[Black "Mihajlov, Sebastian"]
[Result "1-0"]
[WhiteTitle "GM"]
[BlackTitle "IM"]
[WhiteElo "2562"]
[BlackElo "2363"]
[WhiteTeam "Baden-Baden Snowballs"]
[BlackTeam "Norway Gnomes"]
[WhiteFideId "12909572"]
[BlackFideId "1512110"]
[EventDate "2019.01.08"]

1. e4 e6 2. d4 d5 3. Nc3 Nf6 4. e5 Nfd7 5. f4 c5 6. Nf3 Nc6 7. Be3 Be7 8. Qd2 b6
9. Nd1 cxd4 10. Nxd4 Nxd4 11. Bxd4 O-O 12. Be2 f5 13. exf6 Bxf6 14. O-O Nc5 15.
Nf2 Bxd4 16. Qxd4 Qf6 17. Qxf6 gxf6 18. Rad1 Bb7 19. c4 Rad8 20. cxd5 Bxd5 21.
b3 Kf7 22. Rfe1 a5 23. Bb5 Rg8 24. Bf1 h5 25. f5 exf5 26. Nh3 Kg7 27. Nf4 Bf7
28. h4 Ne4 29. Be2 Kh6 30. Bf3 Nd2 31. Kf2 Nxf3 32. gxf3 b5 33. Rc1 Rd2+ 34. Re2
Rgd8 35. Rc7 Rxe2+ 36. Kxe2 Be8 37. Ra7 a4 38. Ra6 Rc8 39. Rxf6+ Kg7 40. Rd6
Rc2+ 41. Rd2 Rc3 42. Rd3 Rc2+ 43. Rd2 Rc3 44. Nd5 Rc1 45. bxa4 bxa4 46. a3 Rh1
47. Rd4 Ra1 48. Nc7 Bc6 49. Rc4 Bd7 50. Rd4 Bc6 51. Rc4 Bd7 52. Rc3 Rh1 53. Rd3
Bc6 54. Rd6 Rc1 55. Ne6+ Kg8 56. Nd4 Be8 57. Rd8 Kf7 58. Nxf5 Bb5+ 59. Kf2 Rc2+
60. Kg3 Kf6 61. Nd4 Rd2 62. Rd6+ Ke7 63. Nxb5 1-0

[Event "PRO League Group Stage"]
[Site "chess.com INT"]
[Date "2019.02.28"]
[Round "8"]
[White "Hammer, Jon Ludvig"]
[Black "Diamant, Andre"]
[Result "1-0"]
[WhiteTitle "GM"]
[BlackTitle "GM"]
[WhiteElo "2652"]
[BlackElo "2533"]
[WhiteTeam "Norway Gnomes"]
[BlackTeam "Baden-Baden Snowballs"]
[WhiteFideId "1503707"]
[BlackFideId "2108356"]
[EventDate "2019.01.08"]

1. c4 c5 2. g3 g6 3. Bg2 Bg7 4. Nf3 Nc6 5. Nc3 d6 6. O-O Nf6 7. d4 cxd4 8. Nxd4
Bd7 9. Nxc6 Bxc6 10. e4 O-O 11. Be3 Qa5 12. a3 Rfc8 13. b4 Qe5 14. Bd4 Qe6 15.
Nd5 Bxd5 16. exd5 Qg4 17. Bf3 Qf5 18. Rc1 h5 19. Re1 Rc7 20. c5 Bh6 21. Rc2 Rd8
22. c6 bxc6 23. Rxc6 Rb7 24. Bc3 Rdb8 25. Kg2 Kf8 26. h3 h4 27. g4 Qf4 28. Bd4
Qd2 29. Qa1 Bg7 30. Rd1 Qg5 31. Qc3 Kg8 32. Rc8+ Kh7 33. Rxb8 Rxb8 34. Be3 Qe5
35. Qxe5 dxe5 36. d6 e4 37. Be2 exd6 38. Rxd6 a5 39. bxa5 Rb3 40. a6 Rxa3 41. a7
Ne8 42. Ra6 Rxa6 43. Bxa6 Nc7 44. Bb7 1-0

[Event "PRO League Group Stage"]
[Site "chess.com INT"]
[Date "2019.02.28"]
[Round "8"]
[White "Holm, Kristian Stuvik"]
[Black "Agrest, Inna"]
[Result "1-0"]
[WhiteTitle "IM"]
[BlackTitle "WIM"]
[WhiteElo "2468"]
[BlackElo "2275"]
[WhiteTeam "Norway Gnomes"]
[BlackTeam "Baden-Baden Snowballs"]
[WhiteFideId "1508083"]
[BlackFideId "1708830"]
[EventDate "2019.01.08"]

1. d4 Nf6 2. Bg5 c5 3. d5 Qb6 4. Nc3 d6 5. e4 Nbd7 6. Bc1 g6 7. Nf3 Bg7 8. Be2
O-O 9. O-O a6 10. Re1 Qc7 11. a4 b6 12. h3 Bb7 13. Bf4 Ne5 14. Nxe5 dxe5 15. Be3
Rad8 16. Qb1 Ne8 17. b4 Nd6 18. bxc5 bxc5 19. a5 f5 20. f3 Rb8 21. Qb6 Qd7 22.
Rab1 c4 23. Qb4 Bf6 24. Na4 Bxd5 25. Nb6 Rxb6 26. axb6 fxe4 27. fxe4 Bb7 28.
Bxc4+ Kg7 29. Bd5 Bh4 30. Rf1 Rxf1+ 31. Rxf1 Qc8 32. Qc5 Qd7 33. Bxb7 Qxb7 34.
Qxe5+ Bf6 35. Rxf6 exf6 36. Qxd6 Qxe4 37. Qc7+ Kg8 38. Bh6 1-0

[Event "PRO League Group Stage"]
[Site "chess.com INT"]
[Date "2019.02.28"]
[Round "8"]
[White "Cornette, Matthieu"]
[Black "Borisek, Jure"]
[Result "1/2-1/2"]
[WhiteTitle "GM"]
[BlackTitle "GM"]
[WhiteElo "2587"]
[BlackElo "2584"]
[WhiteTeam "Cannes Blitzstreams"]
[BlackTeam "Ljubljana Turtles"]
[WhiteFideId "620084"]
[BlackFideId "14603152"]
[EventDate "2019.01.08"]

1. e4 e5 2. Nf3 Nc6 3. d4 exd4 4. Nxd4 Bc5 5. Nb3 Bb6 6. Nc3 Nf6 7. Qf3 O-O 8.
Bg5 Nd4 9. Nxd4 Bxd4 10. Nd5 Bxb2 11. c3 Nxd5 12. Bxd8 Bxc3+ 13. Kd1 Bxa1 14.
exd5 Rxd8 15. d6 Be5 16. Bc4 Rf8 17. Re1 cxd6 18. Qd5 Rb8 19. f4 b5 20. fxe5
bxc4 21. Qxd6 Rb6 22. Qc7 Rb1+ 23. Kd2 Rb2+ 24. Kc3 Rxa2 25. Rb1 Ra6 26. Rb8 Rc6
27. Qxa7 h6 28. Rb6 Re8 29. Qa5 Kh7 30. Rxc6 dxc6 31. Kxc4 Be6+ 32. Kd4 Bd5 33.
Qc5 Ra8 34. Qc2+ g6 35. e6 1/2-1/2

[Event "PRO League Group Stage"]
[Site "chess.com INT"]
[Date "2019.02.28"]
[Round "8"]
[White "Lagarde, Maxime"]
[Black "Skoberne, Jure"]
[Result "0-1"]
[WhiteTitle "GM"]
[BlackTitle "GM"]
[WhiteElo "2604"]
[BlackElo "2582"]
[WhiteTeam "Cannes Blitzstreams"]
[BlackTeam "Ljubljana Turtles"]
[WhiteFideId "662399"]
[BlackFideId "14604299"]
[EventDate "2019.01.08"]

1. b3 d5 2. Bb2 c5 3. e3 Nc6 4. f4 Nf6 5. Nf3 g6 6. Bb5 Bd7 7. Nc3 a6 8. Bxc6
Bxc6 9. Ne5 Rc8 10. O-O Bg7 11. Ne2 O-O 12. Ng3 Nd7 13. Qg4 f5 14. Qe2 Nxe5 15.
Bxe5 Bxe5 16. fxe5 Qc7 17. d4 cxd4 18. exd4 Bb5 19. c4 dxc4 20. a4 Bd7 21. e6
Be8 22. Rac1 b5 23. bxc4 bxc4 24. Qd2 Qd6 25. d5 Bxa4 26. Rc3 Be8 27. Ne2 Rc5
28. Nf4 Bc6 29. Nxg6 hxg6 30. Qh6 Qe5 31. Rg3 Be8 32. Rd1 c3 33. d6 c2 34. Rc1
Qd4+ 35. Kf1 Bb5+ 36. Ke1 Re5+ 0-1

[Event "PRO League Group Stage"]
[Site "chess.com INT"]
[Date "2019.02.28"]
[Round "8"]
[White "Unuk, Laura"]
[Black "Bordi, Kevin"]
[Result "0-1"]
[WhiteTitle "WIM"]
[WhiteElo "2234"]
[BlackElo "2288"]
[WhiteTeam "Ljubljana Turtles"]
[BlackTeam "Cannes Blitzstreams"]
[WhiteFideId "14609215"]
[BlackFideId "621862"]
[EventDate "2019.01.08"]

1. d4 d5 2. c4 c6 3. Nf3 Nf6 4. e3 Bf5 5. Nc3 e6 6. Nh4 Bg6 7. Be2 Nbd7 8. O-O
Bd6 9. Bd2 Ne4 10. Nxg6 Bxh2+ 11. Kh1 hxg6 12. Bg4 Bg3+ 13. Bh3 Nxf2+ 14. Rxf2
Bxf2 15. Qf3 Bh4 16. e4 dxe4 17. Nxe4 Nf6 18. Bc3 Nxe4 19. Qxe4 Bf6 20. Re1 Rh4
21. Qf3 Bxd4 22. Rd1 Qf6 23. Qg3 O-O-O 24. Bb4 Be5 25. Rxd8+ Kxd8 26. Qd3+ Rd4
27. Qe2 Qf4 28. g3 Qxg3 29. Ba5+ b6 0-1

[Event "PRO League Group Stage"]
[Site "chess.com INT"]
[Date "2019.02.28"]
[Round "8"]
[White "Stevanic, David"]
[Black "Velten, Paul"]
[Result "0-1"]
[WhiteTitle "FM"]
[BlackTitle "GM"]
[WhiteElo "2304"]
[BlackElo "2496"]
[WhiteTeam "Ljubljana Turtles"]
[BlackTeam "Cannes Blitzstreams"]
[WhiteFideId "14613921"]
[BlackFideId "681091"]
[EventDate "2019.01.08"]

1. e4 e6 2. d4 d5 3. Nc3 Nc6 4. e5 Nge7 5. f4 Nf5 6. Nf3 h5 7. Ne2 h4 8. c3 Bd7
9. Bd2 Na5 10. Nc1 Nc4 11. b3 Nxd2 12. Qxd2 c5 13. Bd3 cxd4 14. Nxd4 Nxd4 15.
cxd4 Qb6 16. Qb2 Bb4+ 17. Kf2 Rc8 18. Ne2 Bc3 19. Nxc3 Qxd4+ 20. Ke2 Rxc3 21.
Qd2 a6 22. Rac1 Rxd3 23. Qxd3 Bb5 24. Qxb5+ axb5 25. Rc8+ Kd7 26. Rxh8 Qe4+ 27.
Kf2 Qxf4+ 28. Ke2 Qxe5+ 29. Kf2 Qf4+ 30. Ke2 Qe4+ 31. Kf2 Qc2+ 32. Kf3 Qxa2 33.
Rc1 Qxb3+ 34. Ke2 Qb2+ 35. Kd1 Qxg2 36. Rcc8 Kd6 37. Rhd8+ Ke5 38. Rd7 Qg1+ 39.
Kd2 Qxh2+ 40. Kd1 Qg1+ 41. Kd2 Qf2+ 42. Kd3 h3 43. Rc2 Qf3+ 44. Kd2 h2 0-1

[Event "PRO League Group Stage"]
[Site "chess.com INT"]
[Date "2019.02.28"]
[Round "8"]
[White "Asis Gargatagli, Hipolito"]
[Black "Vachier-Lagrave, Maxime"]
[Result "0-1"]
[WhiteTitle "IM"]
[BlackTitle "GM"]
[WhiteElo "2529"]
[BlackElo "2780"]
[WhiteTeam "Barcelona Raptors"]
[BlackTeam "Marseille Migraines"]
[WhiteFideId "2260735"]
[BlackFideId "623539"]
[EventDate "2019.01.08"]

1. e4 c5 2. Nf3 d6 3. d4 cxd4 4. Nxd4 Nf6 5. Nc3 a6 6. Be3 e5 7. Nb3 Be6 8. f3
h5 9. Qd2 Nbd7 10. O-O-O b5 11. Kb1 Rc8 12. a3 Be7 13. Bg5 O-O 14. h4 Re8 15.
Bd3 Nb6 16. Na5 Qc7 17. g4 hxg4 18. fxg4 d5 19. Bxf6 Bxf6 20. exd5 Nxd5 21. Ne4
Be7 22. Ng5 Bxa3 23. Nb3 Bb4 24. Qe2 a5 25. Bxb5 Bxg4 26. Qxg4 Qxc2+ 27. Ka1 Bc3
28. Rb1 Qxb3 29. Qa4 Qxa4+ 30. Bxa4 Bd4 31. Bxe8 Rxe8 32. Nf3 Bb6 33. Rbd1 Nb4
34. Rd7 e4 35. Ng5 e3 36. Kb1 e2 37. Re1 f6 38. Nh3 Re3 39. Nf4 Re4 40. Ng6 Bf2
41. Re7 Rg4 42. h5 Kh7 43. R7xe2 Bxe1 44. Rxe1 Kh6 45. Rh1 Nc6 46. Rc1 Kxh5 0-1

[Event "PRO League Group Stage"]
[Site "chess.com INT"]
[Date "2019.02.28"]
[Round "8"]
[White "Forcen Esteban, Daniel"]
[Black "Fressinet, Laurent"]
[Result "1/2-1/2"]
[WhiteTitle "GM"]
[BlackTitle "GM"]
[WhiteElo "2567"]
[BlackElo "2655"]
[WhiteTeam "Barcelona Raptors"]
[BlackTeam "Marseille Migraines"]
[WhiteFideId "2288230"]
[BlackFideId "608742"]
[EventDate "2019.01.08"]

1. Nf3 Nf6 2. c4 g6 3. g3 Bg7 4. Bg2 O-O 5. O-O Nc6 6. d4 d6 7. Nc3 Bf5 8. d5
Na5 9. Nd2 c6 10. e4 Bg4 11. Qa4 cxd5 12. cxd5 Nd7 13. h3 Nc5 14. Qa3 Bd7 15. b4
Na4 16. Nxa4 Bxa1 17. bxa5 Bb5 18. Rd1 Qxa5 19. Nc5 Qxa3 20. Bxa3 Bc3 21. Nb1
Ba5 22. Nb3 Ba4 23. Rd4 Bxb3 24. axb3 Rac8 25. b4 Bb6 26. Rd2 Rc4 27. Kf1 Rfc8
28. Ke2 a5 29. bxa5 Bxa5 30. Rb2 Rc2+ 31. Kd3 R8c3+ 32. Nxc3 Rxc3+ 33. Ke2 Rxa3
34. Rxb7 Ra2+ 35. Kf1 Bc3 36. Bf3 Kf8 37. Be2 Bd4 38. h4 h6 39. Rc7 Rb2 40. Rd7
Bc5 41. Rc7 f5 42. e5 Rd2 43. exd6 Bxd6 44. Rc8+ Kg7 45. Bf3 Be5 46. Rc6 Bd6 47.
Rc1 Kf6 48. Re1 g5 49. hxg5+ hxg5 50. Re2 Rd3 51. Re6+ Kg7 52. Ke2 Rb3 53. g4
Rb2+ 54. Kf1 fxg4 55. Bxg4 Rd2 56. Bf3 Bc5 57. Re2 Rxe2 58. Kxe2 1/2-1/2

[Event "PRO League Group Stage"]
[Site "chess.com INT"]
[Date "2019.02.28"]
[Round "8"]
[White "Moussard, Jules"]
[Black "Alvarado Diaz, Alejandro"]
[Result "1-0"]
[WhiteTitle "GM"]
[BlackTitle "IM"]
[WhiteElo "2605"]
[BlackElo "2388"]
[WhiteTeam "Marseille Migraines"]
[BlackTeam "Barcelona Raptors"]
[WhiteFideId "642908"]
[BlackFideId "2276119"]
[EventDate "2019.01.08"]

1. Nf3 g6 2. d4 Bg7 3. Bf4 d6 4. c3 Nf6 5. h3 O-O 6. e3 Nfd7 7. Bc4 e5 8. Bh2
Nc6 9. O-O Kh8 10. b4 e4 11. Ne1 f5 12. Nd2 Ne7 13. Bb3 Nf6 14. b5 g5 15. f3
Ned5 16. Bxd5 Nxd5 17. Qe2 exf3 18. Nexf3 Re8 19. Rae1 Bd7 20. Qd3 g4 21. hxg4
fxg4 22. e4 gxf3 23. Nxf3 Nb6 24. e5 Be6 25. Bf4 Qd7 26. Ng5 Bf5 27. Qg3 Nd5 28.
Bd2 dxe5 29. dxe5 Bg6 30. c4 Ne7 31. Bc3 Rf8 32. e6 Qd3 33. Bxg7+ Kxg7 34. Qe5+
Kg8 35. Nf7 h5 36. Qh8# 1-0

[Event "PRO League Group Stage"]
[Site "chess.com INT"]
[Date "2019.02.28"]
[Round "8"]
[White "Maurizzi, Marc Andria"]
[Black "Diaz Camallonga, Carles"]
[Result "0-1"]
[WhiteTitle "CM"]
[BlackTitle "IM"]
[WhiteElo "2028"]
[BlackElo "2432"]
[WhiteTeam "Marseille Migraines"]
[BlackTeam "Barcelona Raptors"]
[WhiteFideId "36083534"]
[BlackFideId "22235256"]
[EventDate "2019.01.08"]

1. e4 e6 2. d4 d5 3. Nc3 Bb4 4. exd5 exd5 5. Bd3 Nc6 6. Nf3 Nge7 7. O-O Bg4 8.
h3 Bh5 9. Be3 Qd7 10. a3 Bxc3 11. bxc3 Bg6 12. Rb1 b6 13. Bb5 f6 14. c4 a6 15.
Ba4 Bf7 16. cxd5 Bxd5 17. Nd2 b5 18. c4 bxa4 19. cxd5 Nxd5 20. Ne4 Nce7 21. Nc5
Qc6 22. Qxa4 Qxa4 23. Nxa4 O-O 24. Nc5 Nf5 25. Rb3 Rfe8 26. Rc1 a5 27. Na4 Rab8
28. Rxb8 Rxb8 29. Rc5 Rb1+ 30. Kh2 Nfxe3 31. fxe3 Nxe3 32. Rxc7 Rd1 33. Rd7 h5
34. Nc5 h4 35. Ne4 Nf1+ 36. Kg1 Ng3+ 37. Kf2 Nxe4+ 0-1

[Event "PRO League Group Stage"]
[Site "chess.com INT"]
[Date "2019.02.28"]
[Round "8"]
[White "Braun, Arik"]
[Black "Klein, David"]
[Result "1-0"]
[WhiteTitle "GM"]
[BlackTitle "GM"]
[WhiteElo "2598"]
[BlackElo "2492"]
[WhiteTeam "Berlin Bears"]
[BlackTeam "Amsterdam Mosquitoes"]
[WhiteFideId "4663527"]
[BlackFideId "1003623"]
[EventDate "2019.01.08"]

1. d4 f5 2. Nf3 Nf6 3. e3 g6 4. b4 Bg7 5. Bb2 c6 6. Nbd2 O-O 7. Be2 d5 8. c4 Kh8
9. a4 Be6 10. O-O Ne4 11. b5 c5 12. cxd5 Bxd5 13. Qc2 cxd4 14. Bxd4 Bxd4 15.
Nxd4 Nxd2 16. Qxd2 Nd7 17. Rfd1 Qb6 18. Rac1 Nf6 19. Qb4 Qd6 20. Qxd6 exd6 21.
Rc7 Rac8 22. Rdc1 Rxc7 23. Rxc7 Rf7 24. Rc8+ Kg7 25. f3 Rf8 26. Rc3 Rd8 27. Kf2
Kf7 28. Rc7+ Rd7 29. Rc8 Re7 30. a5 Re8 31. Rc7+ Re7 32. Rc1 Re8 33. b6 axb6 34.
axb6 Ke7 35. Rc7+ Kd8 36. Nb5 Re7 37. Rc1 Rd7 38. Na7 Ke7 39. Bb5 Rd8 40. Rc7+
Kf8 41. h4 h6 42. Kg3 g5 43. hxg5 hxg5 44. Kf2 f4 45. e4 Be6 46. Rxb7 d5 47. e5
Ng8 48. Rc7 Rb8 49. b7 Ne7 50. Rxe7 Kxe7 51. Nc6+ Kd7 52. Nxb8+ Kc7 53. Nc6 Kxb7
54. Nd8+ Kb6 55. Nxe6 Kxb5 56. Nxg5 1-0

[Event "PRO League Group Stage"]
[Site "chess.com INT"]
[Date "2019.02.28"]
[Round "8"]
[White "Huschenbeth, Niclas"]
[Black "Admiraal, Miguoel"]
[Result "0-1"]
[WhiteTitle "GM"]
[BlackTitle "IM"]
[WhiteElo "2585"]
[BlackElo "2478"]
[WhiteTeam "Berlin Bears"]
[BlackTeam "Amsterdam Mosquitoes"]
[WhiteFideId "24604747"]
[BlackFideId "1019716"]
[EventDate "2019.01.08"]

1. e4 Nf6 2. e5 Ng8 3. d4 d6 4. exd6 cxd6 5. c4 Nf6 6. Nc3 e6 7. Nf3 Be7 8. Bd3
O-O 9. O-O b6 10. Bg5 Nbd7 11. Rc1 Bb7 12. Re1 Re8 13. h3 Nf8 14. b4 Rc8 15. Be3
Ng6 16. d5 exd5 17. cxd5 Ne5 18. Bb5 Rf8 19. Bd4 Nfd7 20. Nd2 Bg5 21. g3 Bxd2
22. Bxd7 Qxd7 23. Bxe5 Bxe1 24. Bxg7 Bxf2+ 25. Kxf2 Qf5+ 26. Kg1 Kxg7 27. Qd4+
Qe5 0-1

[Event "PRO League Group Stage"]
[Site "chess.com INT"]
[Date "2019.02.28"]
[Round "8"]
[White "Ducarmon, Quinten"]
[Black "Osmanodja, Filiz"]
[Result "0-1"]
[WhiteTitle "IM"]
[BlackTitle "WIM"]
[WhiteElo "2479"]
[BlackElo "2318"]
[WhiteTeam "Amsterdam Mosquitoes"]
[BlackTeam "Berlin Bears"]
[WhiteFideId "1025007"]
[BlackFideId "24633569"]
[EventDate "2019.01.08"]

1. e4 e5 2. Nf3 Nc6 3. d4 exd4 4. Nxd4 Nf6 5. Nxc6 bxc6 6. Bd3 d5 7. Qe2 dxe4 8.
Nd2 Bb4 9. Bxe4 O-O 10. Bxc6 Rb8 11. O-O Rb6 12. Bf3 Re6 13. Qd1 Ba6 14. c4 Rfe8
15. a3 Bc5 16. b4 Bxf2+ 17. Kxf2 Qd4+ 18. Kg3 Qe5+ 19. Kh3 Ng4 20. Ne4 Qxh2+ 21.
Kxg4 Rg6+ 22. Bg5 Bc8+ 0-1

[Event "PRO League Group Stage"]
[Site "chess.com INT"]
[Date "2019.02.28"]
[Round "8"]
[White "Vrolijk, Liam"]
[Black "Mons, Leon"]
[Result "1-0"]
[WhiteTitle "IM"]
[BlackTitle "GM"]
[WhiteElo "2433"]
[BlackElo "2544"]
[WhiteTeam "Amsterdam Mosquitoes"]
[BlackTeam "Berlin Bears"]
[WhiteFideId "1048333"]
[BlackFideId "4614950"]
[EventDate "2019.01.08"]

1. d4 Nf6 2. c4 e6 3. Nf3 d5 4. Nc3 Be7 5. Bf4 O-O 6. a3 dxc4 7. e3 Nd5 8. Bxc4
Nxf4 9. exf4 Nc6 10. Qd2 Bf6 11. Rd1 b6 12. O-O Bb7 13. d5 Na5 14. Ba2 Bxc3 15.
Qxc3 Bxd5 16. b4 Nb7 17. Bxd5 exd5 18. Qc6 Nd6 19. Rxd5 Rc8 20. Ne5 Qe8 21. Rc1
Qxc6 22. Nxc6 Rce8 23. Nxa7 Re2 24. g3 Ra2 25. Rxc7 Ne4 26. Rcd7 Rxa3 27. Nb5
Ra1+ 28. Rd1 Ra2 29. f3 Nf6 30. R7d6 h5 31. Rxb6 Rc8 32. Nd4 Rd8 33. Rc6 h4 34.
Rcc1 h3 35. b5 Rg2+ 36. Kh1 Rb2 37. b6 Rxb6 38. Ne2 Re8 39. Ng1 Rb2 40. Re1 Rd8
41. Rcd1 Rc8 42. Re2 Rb3 43. Rf2 Nd5 44. Nxh3 Ne3 45. Re1 f6 46. Ng1 Rd8 47.
Rfe2 Rdd3 48. h3 Kf7 49. Kh2 Kg6 50. g4 f5 51. Kg3 Kf6 52. Rc1 g6 53. Rc6+ Kf7
54. Re1 Rd2 55. Ra1 Rb7 56. Kh4 Kg7 57. Kg5 Rd5 58. Kh4 Rd2 59. Re6 Nd5 60. Kg5
Kh7 61. Rxg6 fxg4 62. hxg4 Nxf4 63. Rf6 Nd5 64. Rh6+ Kg7 65. Rd6 Rb5 66. Kh4 Kf7
67. Ra7+ Ke8 68. Nh3 Rbb2 69. Rad7 Rb5 70. Kg3 Rc5 71. Nf4 Nxf4 72. Rxd2 Ne2+
73. Rxe2+ Kxd7 74. f4 1-0

[Event "PRO League Group Stage"]
[Site "chess.com INT"]
[Date "2019.02.28"]
[Round "8"]
[White "Holm, Kristian Stuvik"]
[Black "Meier, Georg"]
[Result "0-1"]
[WhiteTitle "IM"]
[BlackTitle "GM"]
[WhiteElo "2468"]
[BlackElo "2623"]
[WhiteTeam "Norway Gnomes"]
[BlackTeam "Baden-Baden Snowballs"]
[WhiteFideId "1508083"]
[BlackFideId "4675789"]
[EventDate "2019.01.08"]

1. d4 e6 2. c4 b6 3. Nf3 Bb7 4. g3 Bb4+ 5. Bd2 Bxf3 6. exf3 Bxd2+ 7. Qxd2 Nf6 8.
Nc3 d5 9. b3 O-O 10. Be2 Nc6 11. Rd1 Qd6 12. O-O Rad8 13. Nb5 Qd7 14. cxd5 Nxd5
15. Kg2 Nce7 16. Na3 Nf5 17. Nc2 c5 18. Kg1 cxd4 19. Nxd4 Nf6 20. Nxf5 Qxd2 21.
Rxd2 Rxd2 22. Ne7+ Kh8 23. Bc4 Rxa2 24. Rd1 a6 25. Rd6 b5 26. Bf1 g6 27. h4 Kg7
28. g4 Re8 29. Nc6 Nd5 30. Rd7 Ra3 31. g5 Rxb3 32. Ne5 Re7 33. Rd8 h5 34. Nd7
Rxf3 35. Bg2 Rxd7 36. Rxd7 Rf4 37. Bh3 Kf8 38. Kg2 Rxh4 39. Kg3 Rc4 40. Ra7 Rc3+
41. Kh2 Nf4 42. Bf1 Rc1 0-1

[Event "PRO League Group Stage"]
[Site "chess.com INT"]
[Date "2019.02.28"]
[Round "8"]
[White "Hammer, Jon Ludvig"]
[Black "Kollars, Dmitrij"]
[Result "1/2-1/2"]
[WhiteTitle "GM"]
[BlackTitle "GM"]
[WhiteElo "2652"]
[BlackElo "2562"]
[WhiteTeam "Norway Gnomes"]
[BlackTeam "Baden-Baden Snowballs"]
[WhiteFideId "1503707"]
[BlackFideId "12909572"]
[EventDate "2019.01.08"]

1. c4 c6 2. Nf3 d5 3. e3 Nf6 4. d4 Bg4 5. Nbd2 e6 6. h3 Bh5 7. g4 Bg6 8. Ne5
Nbd7 9. Nxg6 hxg6 10. Bg2 g5 11. Rb1 a5 12. a3 Be7 13. O-O a4 14. Qc2 Qc7 15.
Nf3 Ne4 16. cxd5 exd5 17. Nd2 Ndf6 18. Nxe4 dxe4 19. Rd1 Bd6 20. Bd2 Qe7 21. d5
Nxd5 22. Qxe4 Qxe4 23. Bxe4 Rxh3 24. Bxd5 cxd5 25. Bc3 Rh4 26. Rxd5 Rxg4+ 27.
Kf1 Rd8 28. Bxg7 Be7 29. Rxd8+ Kxd8 30. Bd4 Rh4 31. Ke2 Rh6 32. Rc1 Kd7 33. Kd3 1/2-1/2

[Event "PRO League Group Stage"]
[Site "chess.com INT"]
[Date "2019.02.28"]
[Round "8"]
[White "Diamant, Andre"]
[Black "Mihajlov, Sebastian"]
[Result "1-0"]
[WhiteTitle "GM"]
[BlackTitle "IM"]
[WhiteElo "2533"]
[BlackElo "2363"]
[WhiteTeam "Baden-Baden Snowballs"]
[BlackTeam "Norway Gnomes"]
[WhiteFideId "2108356"]
[BlackFideId "1512110"]
[EventDate "2019.01.08"]

1. e4 e5 2. Nf3 Nc6 3. Bb5 a6 4. Ba4 Nf6 5. d3 b5 6. Bb3 Be7 7. O-O d6 8. c3 O-O
9. Re1 Na5 10. Bc2 c5 11. Nbd2 Re8 12. Nf1 Bf8 13. h3 g6 14. Ng3 Bg7 15. d4 cxd4
16. cxd4 Bb7 17. d5 Nc4 18. a4 Nd7 19. b3 Ncb6 20. a5 Nc8 21. b4 Ne7 22. Bd3
Nxd5 23. exd5 e4 24. Bg5 f6 25. Nxe4 fxg5 26. Nxd6 Rxe1+ 27. Qxe1 Bxd5 28. Rd1
Bb3 29. Bc2 Ba2 30. Bb1 Bb3 31. Qe3 Bf7 32. Nxf7 Kxf7 33. Nxg5+ 1-0